<?xml version="1.0" encoding="UTF-8"?>
<collection xmlns="http://www.loc.gov/MARC21/slim">
    <record>
        <controlfield tag="001">7396</controlfield>
        <controlfield tag="005">20190220130406.0</controlfield>
        <datafield tag="037" ind1=" " ind2=" ">
            <subfield code="a">TAZ-TFG-2012-221</subfield>
        </datafield>
        <datafield tag="041" ind1=" " ind2=" ">
            <subfield code="a">spa</subfield>
        </datafield>
        <datafield tag="100" ind1="1" ind2=" ">
            <subfield code="a">Artola Gómez, Ainara</subfield>
        </datafield>
        <datafield tag="245" ind1="0" ind2="0">
            <subfield code="a">Síndrome de dolor miofascial; a propósito de un caso</subfield>
        </datafield>
        <datafield tag="260" ind1=" " ind2=" ">
            <subfield code="a">Zaragoza</subfield>
            <subfield code="b">Universidad de Zaragoza</subfield>
            <subfield code="c">2012</subfield>
        </datafield>
        <datafield tag="506" ind1=" " ind2=" ">
            <subfield code="a">by-nc-sa</subfield>
            <subfield code="b">Creative Commons</subfield>
            <subfield code="c">3.0</subfield>
            <subfield code="u">http://creativecommons.org/licenses/by-nc-sa/3.0/</subfield>
        </datafield>
        <datafield tag="520" ind1=" " ind2=" ">
            <subfield code="a">Los dolores de espalda y de la cintura escapular, son una constante en nuestros días, casi el 100% de los adultos a partir de los 30 años han padecido alguna vez este tipo de trastorno, y un elevado porcentaje de estos dolores se manifiestan en la zona cervico-dorsal. El síndrome de dolor miofascial(SDM), es un conjunto de signos y síntomas sensoriales, motores y autonómicos ocasionados por los puntos gatillo miofasciales (PGM). Cualquier inflamación, traumatismo agudo, traumatismo de repetición, exposición al frio y otros factores estresantes musculares pueden desencadenar mecanismos patológicos, y generar un PGM. MÉTODO: Se presenta un caso clínico en el ámbito laboral, de síndrome de dolor miofascial a nivel cervical, valorando los resultados obtenidos de la intervención fisioterapeútica, basado en diferentes técnicas de fisioterapia tanto miofasciales como articulares, y diferentes técnicas de osteopatía. CONCLUSIONES: El abordaje fisioterapeútico, aplicado con buen criterio y según unos objetivos de tratamiento, permite una intervención eficaz y precoz en la disminución del dolor y en la recuperación de la elasticidad muscular. Resaltar la importancia de un diagnóstico precoz y un tratamiento adecuado, ya que puede evitar la cronicidad de la lesión.</subfield>
        </datafield>
        <datafield tag="521" ind1=" " ind2=" ">
            <subfield code="a">Graduado en Fisioterapia</subfield>
        </datafield>
        <datafield tag="540" ind1=" " ind2=" ">
            <subfield code="a">Derechos regulados por licencia Creative Commons</subfield>
        </datafield>
        <datafield tag="653" ind1="1" ind2=" ">
            <subfield code="a">síndrome de dolor miofascial</subfield>
        </datafield>
        <datafield tag="653" ind1="1" ind2=" ">
            <subfield code="a">puntos gatillo miofasciales</subfield>
        </datafield>
        <datafield tag="653" ind1="1" ind2=" ">
            <subfield code="a">tratamiento de fisioterapia</subfield>
        </datafield>
        <datafield tag="700" ind1=" " ind2=" ">
            <subfield code="a">León Puy, Juan Francisco</subfield>
            <subfield code="e">dir.</subfield>
        </datafield>
        <datafield tag="710" ind1="2" ind2=" ">
            <subfield code="a">Universidad de Zaragoza</subfield>
            <subfield code="b">Fisiatría y Enfermería</subfield>
            <subfield code="c">Fisioterapia</subfield>
        </datafield>
        <datafield tag="856" ind1="0" ind2=" ">
            <subfield code="f">437863@celes.unizar.es</subfield>
        </datafield>
        <datafield tag="856" ind1="4" ind2=" ">
            <subfield code="s">212159</subfield>
            <subfield code="u">http://zaguan.unizar.es/record/7396/files/TAZ-TFG-2012-221.pdf</subfield>
            <subfield code="y">Memoria (spa)</subfield>
        </datafield>
        <datafield tag="909" ind1="C" ind2="O">
            <subfield code="o">oai:zaguan.unizar.es:7396</subfield>
            <subfield code="p">driver</subfield>
            <subfield code="p">trabajos-fin-grado</subfield>
        </datafield>
        <datafield tag="950" ind1=" " ind2=" ">
            <subfield code="a"></subfield>
        </datafield>
        <datafield tag="980" ind1=" " ind2=" ">
            <subfield code="a">TAZ</subfield>
            <subfield code="b">TFG</subfield>
            <subfield code="c">EUCS</subfield>
        </datafield>
    </record>

    
</collection>